<?xml version="1.0" encoding="UTF-8"?><OAI-PMH xmlns="http://www.openarchives.org/OAI/2.0/" xmlns:xsi="http://www.w3.org/2001/XMLSchema-instance"     xsi:schemaLocation="http://www.openarchives.org/OAI/2.0/ http://www.openarchives.org/OAI/2.0/OAI-PMH.xsd"><responseDate>2026-05-17T14:39:56Z</responseDate><request verb="GetRecord" identifier="oai:regmurcia.com:fintegr.749" metadataPrefix="marc21">http://oai.regmurcia.com/oai2/oai2.php</request><GetRecord><record><header><identifier>oai:regmurcia.com:fintegr.749</identifier><datestamp>2026-05-17</datestamp><setSpec>documentos</setSpec></header><metadata><record  xmlns="http://www.loc.gov/MARC21/slim" xmlns:xsi="http://www.w3.org/2001/XMLSchema-instance" xsi:schemaLocation="http://www.loc.gov/MARC21/slim http://www.loc.gov/standards/marcxml/schema/MARC21slim.xsd" type="Bibliographic"><leader>00000nam a2200000   4500</leader><controlfield tag="001" >005078616</controlfield><controlfield tag="003" >749</controlfield><controlfield tag="004" >A00000000</controlfield><datafield tag="245" ind1=" " ind2=" "><subfield code="a">Expediente sobre el cierre de las puertas de la ciudad de Murcia (incompleto).</subfield></datafield><datafield tag="300" ind1=" " ind2=" "><subfield code="c">224 x 156 mm</subfield></datafield><datafield tag="300" ind1=" " ind2=" "><subfield code="a">4 fol.</subfield></datafield><datafield tag="351" ind1=" " ind2=" "><subfield code="a">Unidad Documental</subfield><subfield code="c">Archivo de Murcia. Array</subfield><subfield code="a">Unidad Documental</subfield><subfield code="c">Archivo de Murcia. Array</subfield></datafield><datafield tag="351" ind1=" " ind2=" "><subfield code="b">Nº 26</subfield></datafield><datafield tag="506" ind1=" " ind2=" "><subfield code="a">Acceso restringido</subfield></datafield><datafield tag="520" ind1=" " ind2=" "><subfield code="a">Contiene: &lt;/br&gt;- Testimonio de la presentación hecha por Juan Sánchez de Medina, al adelantado Alfonso Yáñez Fajardo, de una carta del rey (28-9-1440. Murcia).&lt;/br&gt;- Testimonio de la presentación, hecha por Juan Sánchez de Medina ante el concejo de Murcia, de un escrito que contiene el testimonio de la presentación (1440-9-24. Murcia) de una sobrecarta del rey y de un escrito de requerimiento de Juan Sánchez de Medina, para que se abrieran las puertas de la ciudad y se retiraran las guardas y las velas (29-9-1440. Murcia) (incompleto)&lt;/br&gt;&lt;/br&gt;- El concejo de Murcia explica los robos y daños ocasionados cuando las puertas de las ciudad han permanecido abiertas por la noche. Solicitan al rey que reconsidere la situación y que les permita mantener las puertas cerradas (29-9-1440. Murcia)&lt;/br&gt;&lt;/br&gt;- Testimonio del pregón de la carta del rey presentada ante el concejo (29-9-1440. Murcia)</subfield></datafield><datafield tag="583" ind1=" " ind2=" "><subfield code="u">http://www.regmurcia.com/servlet/s.Sl?METHOD=VERDOCUMENTO&amp;sit=serv,Carmesi&amp;n=/01/1208/indice.djvu</subfield></datafield><datafield tag="592" ind1=" " ind2=" "><subfield code="a">1440</subfield></datafield><datafield tag="592" ind1=" " ind2=" "><subfield code="d">1440-12-31 00:00:00</subfield></datafield><datafield tag="651" ind1=" " ind2=" "><subfield code="a">Murcia</subfield></datafield><datafield tag="786" ind1=" " ind2=" "><subfield code="o">http://www.regmurcia.com/servlet/s.Sl?METHOD=VERDOCUMENTO&amp;sit=serv,Carmesi&amp;n=/01/1208/indice.djvu</subfield></datafield><datafield tag="856" ind1=" " ind2=" "><subfield code="u">http://www.regmurcia.com/servlet/s.Sl?METHOD=DETALLE&amp;sit=c,373,m,139,serv,Carmesi&amp;id=749</subfield></datafield></record></metadata></record></GetRecord></OAI-PMH>
